| 000 | 00929nam a2200277 i 4500 | ||
|---|---|---|---|
| 001 | 10615 | ||
| 003 | ES-MaACL | ||
| 005 | 20250624062522.0 | ||
| 007 | t| | ||
| 008 | 950308s1994 sp ||||0|dspa d | ||
| 020 | _a84-8191-018-X | ||
| 080 | _a929 Valle-Inclan, Ramón del | ||
| 080 | _a821.134.2-82"19" | ||
| 100 | 1 |
_aValle-Inclán, Ramón del, _d1866-1936 _9112796 |
|
| 245 | 1 | 0 |
_aEntrevistas, conferencias y cartas / _cRamón María del Valle-Inclán ; edición al cuidado de Joaquín y Javier del Valle-Inclán. |
| 260 |
_aValencia : _bPre-Textos, _c[1994] |
||
| 300 |
_aXVIII, 706 p. ; _c25 cm. |
||
| 500 | _aÍndices. | ||
| 500 | _aEn el lomo: 200. | ||
| 504 | _aBibliografía: p. 691. | ||
| 600 | 1 | 4 |
_aValle-Inclán, Ramón del, _d1866-1936 _9112796 |
| 700 | 1 |
_aValle-Inclán, Xaquín del. _9112809 |
|
| 700 | 1 |
_aValle-Inclán, Javier del. _9112795 |
|
| 852 |
_aES-MaACL _jL-18051 |
||
| 999 |
_c10615 _d10615 |
||